LEADER 01281nam a2200313 a 4500 001 000000129293 003 CaOOAMICUS 005 20121121130110.0 008 120613s2012 it u000 u ita r 020 $a978-88-13-31026-4 040 $aPUL$bita 082 04$a347.45 100 1 $aCampanile, Tommaso.$0(OLS)http://pul/name/82769 245 12$aI diritti reali /$cTommaso Campanile, Federico Crivellari, Lodovico Genghini. 260 $aPadova :$bCEDAM,$c2012. 300 $aXVII, 701 p. ;$c25 cm 490 1 $aManuali notarili ;$v05 650 4$aNotariato$zItalia$vManuali.$0(OLS)http://pul/subject/21802 700 1 $aGenghini, Lodovico.$0(OLS)http://pul/name/75978 700 1 $aCrivellari, Federico.$0(OLS)http://pul/name/82770 830 0$aManuali notarili ;$v05.$0(OLS)http://pul/title/152657 850 $aPUL 852 $aPUL$W1$xSL Diritto e Scienze Sociali 3$y79$m347. 45 GENLO 1.5$j149720$qDDC 21$B148242$CPULBib$Z2$F148242 $H120079 $82 941 1 $a9 996 $6020$a978-88-13-31026-4$9(OLS)http://pul/number/150008 996 $6082$a347.45$9(OLS)http://pul/classification/384 996 $6245$aI diritti reali$9(OLS)http://pul/title/163392 996 $6260$aPadova :$bCEDAM$9(OLS)http://pul/publisher/48126 LEADER 01199nam a2200265 u 4500 001 000000036301 003 CaOOAMICUS 005 20070226112702.0 008 980323s1886 it u000 u lat u 035 $a10786951 040 $aPUL(R)$bita 100 1 $aZitelli Natali, Zefirino.$0(OLS)http://pul/name/3720 245 10$aApparatus iuris ecclesiastici iuxta recentissimus ss. Urbis congregationum resolution in usum episcoporum et sacerdotum ... /$cauctore Zephyrino Zitelli. 260 $aRomae :$bEx typis soc. edit. Rom.,$c1886. 300 $a554 p. ;$c25 cm 500 $aContiene indici. 650 4$aDiritto ecclesiastico.$0(OLS)http://pul/subject/6 850 $aPUL 852 $aPUL$W1$xDP1 Antico 800$y27$m162 D 27$j49751$nBK-PRI$b $qStampati Antico$B49751$CPULBib$Z2$F49751 $H $81 941 1 $a15 960 $aDiritto e religione$96 960 $aDiritto e religione$96 961 $aINV: 1523 996 $6245$aApparatus iuris ecclesiastici iuxta recentissimus ss. Urbis congregationum resolution in usum episcoporum et sacerdotum ...$9(OLS)http://pul/title/49689 996 $6260$aRomae :$bEx typis soc. edit. Rom.$9(OLS)http://pul/publisher/62874